Devine le joueur de football selon ses clubs #4 - Statistiques

Statistiques générales
  • Ce quiz a été pris 423 fois
  • Le résultat moyen est 7 sur 10
Statistiques - réponses
1er club 2ème club 3ème club 4ème club 5ème club Joueurs % Correct
US Boulogne SM Caen Leicester City Chelsea FC Al-Ittihad Kanté
96%
Bryne Molde Salzbourg Dortmund Manchester City Haaland
88%
Pruszkow Lech Poznan Dortmund Bayern FC Barcelone Lewandowski
84%
Vitoria SC Sporting Stade Rennais Leeds United FC Barcelone Raphinha
77%
Troyes Saint-Etienne PSG Juventus Inter Miami Matuidi
73%
Dinamo Zagreb Inter Milan Real Madrid Chelsea Manchester City Kovacic
64%
Benfica Atlético de Madrid Chelsea FC FC Barcelone Chelsea FC Joao Felix
57%
MSK Zilina Zlaté Moravce US Sampdoria Inter Milan PSG Skriniar
55%
Racing Club Valence CF Racing Club Udinese Calcio Atlético de Madrid De Paul
42%
Naples Cavese US Foggia Delfino Pescara Toronto Insigne
41%
Aucun quiz correspondant
Distribution des résultats
% des personnes avec chaque résultat
Percentile par nombre de réponses
Votre historique - résultats
Vous n’avez pas pris ce quiz